00698nam a2200241 a 4500001001300000003000900013005001700022008004100039020000900080082001600089100002200105245002200127260004900149300000900198500003500207505003400242650001100276700002200287902000800309942000700317952011500324999001700439nice12345678IN_TiNIC20260116013834.0050524s1998 dela grp 000 0 eng  ac7000a297.4bFAR5 aFaris, Nabih Amin aBook of Knowledge aDelhibInternational Islamic Publisherc1998 a240p aincludes index and biblioraphy2 aAppendix, Bibliography, Index aSufism1 aFaris, Nabih Amin bSRS cBK 001040708StackRoom-aHMIbHMId2008-04-15g70.00l0o297.4 FAR5p018057r2008-04-15v70.00w2005-05-24yBK c12764d12764